| 000 | 01229nam a2200277Ia 4500 | ||
|---|---|---|---|
| 999 |
_c5491 _d5491 |
||
| 003 | OSt | ||
| 005 | 20200609125033.0 | ||
| 008 | 191128s1950 mx gr 000 0dspa d | ||
| 040 |
_aCO-JMCR _cCO-JMCR |
||
| 041 | 0 | _aspa | |
| 082 | 0 | 4 |
_a330.1 / _bT177e _223 |
| 100 | 1 |
_aTarshis, Lorie, _eautor _95220 |
|
| 245 | 1 | 0 |
_aIntroducción a la teoría del precio y al ocupación / _cLorie Tarshis ; versión directa de la última edición norteamericana por Juan Ruiz Magan y Juan Jose Ruiz Rubio |
| 260 |
_aMéxico : _bAguilar, _c1950 |
||
| 300 |
_axxvii, 787 páginas ; _c20 cm. |
||
| 490 | _aElementos de economía política | ||
| 500 | _aIncluye índice de materias. | ||
| 505 | _aEstructura de la economía -- Las operaciones de la empresa: precio y producción -- El dinero y el tipo de interes -- La renta nacional y el empleo u ocupación -- Comercio internacional, producción y renta -- Grupos interesados en la economía | ||
| 534 | _pThe elements of economics | ||
| 546 | _aTraducido del inglés | ||
| 650 | 1 | 4 |
_aMicroeconomía Precios _95221 |
| 650 | 2 | 4 |
_aTeorías Monedas Economía _95222 |
| 700 | 1 |
_aRuiz Magan, Juan, _etraductor _91161 |
|
| 700 | 1 |
_aRuiz Rubio, Juan José, _etraductor _95223 |
|
| 942 |
_2ddc _cBK |
||